| Tag |
First Indicator |
Second Indicator |
Subfields |
| LEADER |
00000cam a2200000 i 4500 |
| 001 |
in00003489740 |
| 005 |
20151206125822.0 |
| 008 |
140808t20152014nyu 000 1 eng |
| 010 |
|
|
|a 2014025728
|
| 019 |
|
|
|a 880756279
|
| 020 |
|
|
|a 9780385539388 (hbk.)
|
| 020 |
|
|
|a 038553938X (hbk.)
|
| 020 |
|
|
|z 9780804173216 (pbk.)
|
| 020 |
|
|
|z 0804173214 (pbk.)
|
| 020 |
|
|
|z 9780385539395 (ebk.)
|
| 035 |
|
|
|a (OCoLC)ocn886381402
|
| 035 |
|
|
|a (OCoLC)886381402
|
| 040 |
|
|
|a DLC
|b eng
|e rda
|c DLC
|d IG#
|d YDXCP
|d BTCTA
|d BDX
|d GK5
|d DAD
|d OCLCO
|d UtOrBLW
|
| 043 |
|
|
|a n-us-fl
|
| 049 |
|
|
|a TXAM
|
| 050 |
0 |
0 |
|a PR6073.E47
|b S49 2015
|
| 082 |
0 |
0 |
|a 823/.914
|2 23
|
| 084 |
|
|
|a FIC025000
|a FIC052000
|a FIC044000
|2 bisacsh
|
| 100 |
1 |
|
|a Welsh, Irvine,
|e author.
|
| 245 |
1 |
4 |
|a The sex lives of Siamese twins :
|b a novel /
|c Irvine Welsh.
|
| 250 |
|
|
|a First United States edition.
|
| 264 |
|
1 |
|a New York :
|b Doubleday,
|c [2015]
|
| 264 |
|
4 |
|c ©2014
|
| 300 |
|
|
|a xii, 349 pages ;
|c 25 cm
|
| 336 |
|
|
|a text
|b txt
|2 rdacontent
|
| 337 |
|
|
|a unmediated
|b n
|2 rdamedia
|
| 338 |
|
|
|a volume
|b nc
|2 rdacarrier
|
| 520 |
|
|
|a "When Lucy Brennan, a Miami Beach personal-fitness trainer, disarms an apparently crazed gunman chasing two frightened homeless men along a deserted causeway at night, the police and the breaking-news cameras are not far behind. Within hours, Lucy becomes a hero. Her celebrity is short-lived, though: the 'crazed gunman,' turns out to be a victim of child sexual abuse and the two men are serial pedophiles. The solitary eye-witness, the depressed and overweight Lena Sorenson, thrilled by Lucy's heroism and decisiveness, becomes obsessed with the trainer and enrolls as a client at her Bodysculpt gym. It quickly becomes clear that Lena is more interested in Lucy's body than her own"--Dust jacket flap.
|
| 650 |
|
0 |
|a Personal trainers
|v Fiction.
|
| 650 |
|
0 |
|a Overweight women
|v Fiction.
|
| 650 |
|
0 |
|a Obsessive-compulsive disorder
|v Fiction.
|
| 650 |
|
0 |
|a Codependency
|v Fiction.
|
| 650 |
|
0 |
|a Fame
|v Fiction.
|
| 651 |
|
0 |
|a Miami Beach (Fla.)
|v Fiction.
|
| 655 |
|
0 |
|a Psychological fiction.
|
| 650 |
|
7 |
|a FICTION / Psychological.
|2 bisacsh
|
| 650 |
|
7 |
|a FICTION / Satire.
|2 bisacsh
|
| 650 |
|
7 |
|a FICTION / Contemporary Women.
|2 bisacsh
|
| 655 |
|
0 |
|a Satire.
|
| 655 |
|
7 |
|a Satire.
|2 gsafd
|
| 938 |
|
|
|a Ingram
|b INGR
|n 9780385539388
|
| 938 |
|
|
|a Brodart
|b BROD
|n 109533275
|
| 938 |
|
|
|a Baker and Taylor
|b BTCP
|n BK0015073634
|
| 938 |
|
|
|a YBP Library Services
|b YANK
|n 11829030
|
| 947 |
|
|
|a A14842947120
|
| 945 |
|
|
|a PromptCat
|b 78499
|
| 946 |
|
|
|a stk
|
| 948 |
|
|
|a Cataloged
|b h
|c 2015/2/19
|d c
|e LDuncan
|
| 994 |
|
|
|a 92
|b TXA
|
| 999 |
|
|
|a MARS
|
| 999 |
f |
f |
|s 73eb806c-eee1-392e-9718-7294c034d13c
|i 7ae92887-8990-38eb-bb70-6793b26fdf3b
|t 0
|
| 952 |
f |
f |
|p normal
|a Texas A&M University
|b College Station
|c Sterling C. Evans Library
|d Evans: Library Stacks
|t 0
|e PR6073.E47 S49 2015
|h Library of Congress classification
|i unmediated -- volume
|m A14842947120
|
| 998 |
f |
f |
|a PR6073.E47 S49 2015
|t 0
|l Evans: Library Stacks
|